Možnosti úpravy sypnej hustoty a hustoty po strasení redukovaných práškov zmenou ich granulometrického zloženia

Na minha lista:
Detalhes bibliográficos
Autor principal: Vaňa, Dušan, 1986- (Author)
Outros Autores: Pokusa, Anton, 1940- (Thesis advisor)
Formato: Manuscrito Livro
Idioma:eslovaco
Publicado em: STU v Bratislave MTF UVTE KZl, 2010
Assuntos:
Acesso em linha:VAIS
Tags: Adicionar Tag
Sem tags, seja o primeiro a adicionar uma tag!

MARC

LEADER 00000ntm a22000003a 4500
001 stu206206
005 20150617230053.0
008 100702s2010------------------------slo-d
040 |a STU  |b slo 
041 0 |a slo 
100 1 |a Vaňa, Dušan,  |d 1986-  |4 aut  |u M3000  |U MTF Materiálovotechnologická fakulta  |T MTF Ústav výrobných technológií  |X 25095  |U M3000  |Y 83  |7 A000025095 
242 0 0 |a Desicion modifications the shoot density and density after tap by reduction powder modification their granulometric structure  |y eng 
245 1 |a Možnosti úpravy sypnej hustoty a hustoty po strasení redukovaných práškov zmenou ich granulometrického zloženia 
260 |b STU v Bratislave MTF UVTE KZl,  |c 2010 
650 7 |a prášok  |2 stusub 
650 7 |a sypná hustota  |2 stusub 
650 7 |a morphology  |2 estusub 
700 1 |a Pokusa, Anton,  |d 1940-  |4 ths  |u M230  |U MTF Ústav výrobných technológií  |T MTF Katedra zlievarenstva  |X 282  |U M230  |Y M230  |7 A000000282 
856 4 |a info a plný text  |u http://is.stuba.sk/zp/portal_zp.pl?podrobnosti=63335  |3 VAIS 
996 |c M*DP-8999  |l MMSKP  |s P  |a 0  |w stu206206_0001